01121nam a2200205Ia 4500008004100000020001500041041001200056082001600068100002000084245005400104260003600158300000800194650000700202942000700209999001500216952017100231952017100402952017100573952017100744221030s9999 xx 000 0 und d a8121917786 aEnglish a105.23bXav aS. P. E. Xavier 0aPrinciples of Control Systemscby S. P. E. Xavier bS. Chand & Co.aNew Delhic2003 a514 aEE cBK c1670d1670 pBE 7252g300.00l0o105.23 Xavr2024-06-13 00:00:00w2022-10-30yBK003Print4070aMIETLIBbMIETLIBcBL-Academic Block C, FL-2, CUP-32, SH-2, R-2d2003-10-2710HBE pBE 7249g180.00l0o105.23 Xavr2024-06-13 00:00:00w2022-10-30yBK003Print4070aMIETLIBbMIETLIBcBL-Academic Block C, FL-2, CUP-32, SH-2, R-2d2003-10-2710HBE pBE 7250g180.00l0o105.23 Xavr2024-06-13 00:00:00w2022-10-30yBK003Print4070aMIETLIBbMIETLIBcBL-Academic Block C, FL-2, CUP-32, SH-2, R-2d2003-10-2710HBE pBE 7251g180.00l0o105.23 Xavr2024-06-13 00:00:00w2022-10-30yBK003Print4070aMIETLIBbMIETLIBcBL-Academic Block C, FL-2, CUP-32, SH-2, R-2d2003-10-2710HBE